| 000 | 01021nam a2200349Ia 4500 | ||
|---|---|---|---|
| 001 | dia_3247 | ||
| 003 | CHAP | ||
| 005 | 20230412113112.0 | ||
| 008 | 220117s1978 xx 000 0 und d | ||
| 010 | _a173744 | ||
| 020 | _a84-282-0328-8 | ||
| 040 | _cCHAP | ||
| 082 | _a576 B77 1978 | ||
| 100 |
_aBrock, Thomas D. _915476 |
||
| 245 |
_aBiología de los microorganismos / _c Thomas D. Brock ; traducción Ricardo Guerrero |
||
| 250 | _a2a ed. | ||
| 260 |
_aEspaña : _b Omega, _c1978 |
||
| 300 | _axvi, 254 p. | ||
| 500 | _aTítulo original: Biology of microorganisms | ||
| 503 | _aI. 157276 | ||
| 504 | _aIncluye bibliografías | ||
| 590 | _aQR41.2 B77 1978 | ||
| 650 |
_aMicrobiología _975490 |
||
| 650 |
_aMicrobiology _9150545 |
||
| 650 |
_aMicroorganismos _975519 |
||
| 650 |
_aMicroorganisms _9150546 |
||
| 700 |
_aGuerrero, Ricardo _9139401 |
||
| 901 | _a576 B77 1978 | ||
| 902 | _aM | ||
| 905 | _a5232271978 sp aimn8222223322spa16 | ||
| 942 |
_cLIBRO _2ddc |
||
| 999 |
_c173744 _d173744 |
||